VIRXHOWS ARCHIVE THE EUROPEON JOURNAL OF PATHOLOGY (Record no. 24382)

MARC details
000 -LEADER
fixed length control field 00216nam a22000977a 4500
003 - CONTROL NUMBER IDENTIFIER
control field SGT
245 ## - TITLE STATEMENT
Title VIRXHOWS ARCHIVE THE EUROPEON JOURNAL OF PATHOLOGY
260 ## - PUBLICATION, DISTRIBUTION, ETC. (IMPRINT)
Name of publisher, distributor, etc SAPRINGER
Year of Publication 2009
300 ## - PAGE DESCRIPTION
No. of Pages 718
942 ## - ADDED ENTRY ELEMENTS (KOHA)
Source of classification or shelving scheme Dewey Decimal Classification
Koha item type Back Volumes
Holdings
Withdrawn status Lost status Source of classification or shelving scheme Damaged status Not for loan Collection code Home library Current library Date acquired Volume Information (Serial or Books or Non-Book Material) SGTU Accession No. (Barcode) Date last seen Bill Date Koha item type
    Dewey Decimal Classification   Not For Loan MEDICAL SGT Medical Library SGT Medical Library 21/07/2023 VOL-454, 2009 SGTU PM1466 21/07/2023 21/07/2023 Back Volumes